[Event "Rio Cuarto IRT"]
[Site "Rio Cuarto"]
[Date "2019.05.18"]
[Round "1.4"]
[White "San Sebastian, Luz"]
[Black "Marconi, Nicolas"]
[Result "0-1"]
[WhiteElo "1135"]
[BlackElo "1762"]
[PlyCount "64"]
[EventDate "2019.05.18"]
[EventType "swiss"]
[EventRounds "6"]
[EventCountry "ARG"]
[SourceTitle "EXT 2024"]
[Source "ChessBase"]
[SourceDate "2023.10.10"]
[SourceVersion "1"]
[SourceVersionDate "2023.10.10"]
[SourceQuality "1"]

1. d4 g6 2. e4 Bg7 3. Nf3 d6 4. Nc3 Nf6 5. Bf4 Nbd7 6. Bc4 c5 7. dxc5 Nxc5 8. e5 Nh5 9. Qd2 0-0 10. 0-0 Bg4 11. Be2 Bxf3 12. Bxf3 Nxf4 13. Qxf4 Bxe5 14. Qb4 e6 15. Rad1 a5 16. Qc4 Rc8 17. Qb5 d5 18. Rfe1 Qc7 19. g3 Bxc3 20. bxc3 Nd7 21. Re3 Ne5 22. Qb3 Nc4 23. Re2 a4 24. Qb4 Qc6 25. Rb1 Rb8 26. a3 Rfc8 27. Bg2 b5 28. g4 Qc5 29. h4 Qxb4 30. axb4 Na3 31. Rb2 Rxc3 32. Bf1 Rbc8 0-1

[Event "Wch U14"]
[Site "Montevideo"]
[Date "2017.09.17"]
[Round "1"]
[White "Horvath, Dominik"]
[Black "Marconi, Nicolas"]
[Result "1-0"]
[WhiteElo "2368"]
[BlackElo "1790"]
[PlyCount "47"]
[EventDate "2017.09.17"]
[EventType "swiss"]
[EventRounds "11"]
[EventCountry "URU"]
[SourceTitle "CBM 180 Extra"]
[Source "ChessBase"]
[SourceDate "2017.10.06"]
[SourceVersion "1"]
[SourceVersionDate "2017.10.06"]
[SourceQuality "1"]

1. Nf3 c5 2. c4 Nc6 3. Nc3 Nf6 4. g3 b6 5. Bg2 Bb7 6. 0-0 e6 7. e4 d6 8. d4 cxd4 9. Nxd4 Nxd4 10. Qxd4 Be7 11. Rd1 0-0 12. Qd3 a6 13. e5 Ng4 14. exd6 Bxg2 15. dxe7 Qxe7 16. Kxg2 Rad8 17. Qf3 Ne5 18. Qe4 Nd7 19. Be3 f5 20. Qc6 Ne5 21. Qxb6 Nxc4 22. Qxa6 Nxb2 23. Rxd8 Rxd8 24. Rb1 1-0

[Event "ARG-ch sf U2300"]
[Site "Cosquin"]
[Date "2017.07.22"]
[Round "1.6"]
[White "Lucero Abdala, Juan Carlos"]
[Black "Marconi, Nicolas"]
[Result "0-1"]
[WhiteElo "1532"]
[BlackElo "1770"]
[PlyCount "72"]
[EventDate "2017.07.22"]
[EventType "swiss"]
[EventRounds "6"]
[EventCountry "ARG"]
[SourceTitle "EXT 2024"]
[Source "ChessBase"]
[SourceDate "2023.10.10"]
[SourceVersion "1"]
[SourceVersionDate "2023.10.10"]
[SourceQuality "1"]

1. Nf3 c5 2. e3 Nc6 3. b3 e6 4. Bb2 Nf6 5. d4 d5 6. Bd3 cxd4 7. exd4 Bd6 8. 0-0 0-0 9. Ne5 Qc7 10. f4 Nb4 11. a3 Nxd3 12. Qxd3 Ne4 13. g3 f6 14. Nf3 Bd7 15. Nbd2 Rac8 16. Rac1 Nxd2 17. Nxd2 Qa5 18. b4 Qb6 19. Rfe1 e5 20. fxe5 fxe5 21. Kh1 e4 22. Qe3 Be7 23. Rf1 Bb5 24. Rxf8+ Rxf8 25. c4 dxc4 26. Nxc4 Qd8 27. Nd2 Bg5 28. Qc3 e3 29. Nc4 e2 30. Ne3 Rf3 31. d5 Qe7 32. d6 Qf7 33. Qc8+ Be8 34. Kg2 Bxe3 35. d7 Rf2+ 36. Kh3 Qh5# 0-1

[Event "ARG-ch sf U1700"]
[Site "San Luis"]
[Date "2016.07.09"]
[Round "5.2"]
[White "Marconi, Nicolas"]
[Black "Miranda, Agustin"]
[Result "1-0"]
[WhiteElo "1577"]
[BlackElo "1462"]
[PlyCount "70"]
[EventDate "2016.07.08"]
[EventType "swiss"]
[EventRounds "7"]
[EventCountry "ARG"]
[SourceTitle "EXT 2024"]
[Source "ChessBase"]
[SourceDate "2023.10.10"]
[SourceVersion "1"]
[SourceVersionDate "2023.10.10"]
[SourceQuality "1"]

1. c4 c5 2. Nc3 Nf6 3. e4 d6 4. g3 b6 5. Bg2 Bb7 6. Nge2 e6 7. Nf4 Be7 8. 0-0 0-0 9. d3 Nc6 10. h3 a6 11. Be3 Qc7 12. Qd2 Ne5 13. b3 Rad8 14. Rad1 Ng6 15. Nxg6 hxg6 16. Bf4 Nh5 17. Bg5 d5 18. Bxe7 Qxe7 19. cxd5 e5 20. Ne2 f5 21. f4 exf4 22. gxf4 Qh4 23. Qe1 Qe7 24. Ng3 Qh4 25. Nxh5 Qxh5 26. Qg3 Rfe8 27. Rde1 Kf7 28. Bf3 Qh8 29. Qg2 Qf8 30. e5 Re7 31. d6 Bxf3 32. Qxf3 Rxd6 33. exd6 Rxe1 34. Rxe1 Qxd6 35. Qe3 b5 1-0

[Event "ARG-ch sf U14"]
[Site "Villaguay"]
[Date "2016.02.25"]
[Round "5"]
[White "Petrelli, Luis Mariano"]
[Black "Marconi, Nicolas"]
[Result "1-0"]
[WhiteElo "1568"]
[BlackElo "1604"]
[PlyCount "125"]
[EventDate "2016.02.23"]
[EventType "swiss"]
[EventRounds "8"]
[EventCountry "ARG"]
[SourceTitle "EXT 2017"]
[Source "ChessBase"]
[SourceDate "2016.10.25"]
[SourceVersion "1"]
[SourceVersionDate "2016.10.25"]
[SourceQuality "1"]

1. e4 c5 2. Nf3 e6 3. c3 Nc6 4. Bb5 a6 5. Ba4 Qc7 6. Qe2 b5 7. Bb3 d6 8. d3 Nf6 9. Bg5 Be7 10. Nbd2 0-0 11. h3 h6 12. Bh4 Bb7 13. 0-0 Rad8 14. Bc2 Rfe8 15. Rac1 e5 16. Qe3 Qb6 17. b4 Rc8 18. a4 Qa7 19. axb5 axb5 20. Ra1 Qb8 21. bxc5 dxc5 22. c4 Nd4 23. Nxd4 cxd4 24. Qg3 bxc4 25. Bxf6 Bxf6 26. dxc4 Bg5 27. Nf3 Bf4 28. Qg4 Rxc4 29. Bd3 Rc3 30. Rfd1 Rec8 31. g3 Bc1 32. Qf5 R3c5 33. Qd7 Qc7 34. Qxc7 R8xc7 35. Nxe5 Rxe5 36. Raxc1 Rxc1 37. Rxc1 Bxe4 38. Re1 f5 39. f3 Bxd3 40. Rxe5 Bc2 41. Rd5 d3 42. Kf2 g6 43. Ke3 Kf7 44. Re5 Kf6 45. f4 g5 46. h4 gxh4 47. gxh4 h5 48. Kd2 Kg6 49. Re6+ Kg7 50. Rd6 Bb1 51. Kc1 Bc2 52. Rb6 Ba4 53. Kd2 Bc2 54. Ke3 Bd1 55. Kxd3 Bg4 56. Kd4 Kf7 57. Ke5 Kg7 58. Rf6 Bh3 59. Rxf5 Bg4 60. Rg5+ Kf7 61. f5 Ke7 62. Kf4 Bd1 63. Rg6 1-0

[Event "South America-ch U12 11th"]
[Site "Montevideo"]
[Date "2014.09.14"]
[Round "9"]
[White "Marconi, Nicolas"]
[Black "Pena Cifuentes, Tomas Alberto"]
[Result "1-0"]
[WhiteElo "1580"]
[BlackElo "1535"]
[PlyCount "41"]
[EventDate "2014.09.08"]
[EventType "swiss"]
[EventRounds "9"]
[EventCountry "URU"]
[SourceTitle "EXT 2016"]
[Source "ChessBase"]
[SourceDate "2015.10.08"]
[SourceVersion "1"]
[SourceVersionDate "2015.10.08"]
[SourceQuality "1"]

1. e4 e6 2. d3 d5 3. Nd2 c5 4. g3 Nc6 5. Bg2 Nf6 6. f4 Be7 7. Ngf3 Qb6 8. c3 0-0 9. Qe2 Bd7 10. 0-0 c4+ 11. d4 h6 12. h3 Nxe4 13. Nxe4 dxe4 14. Qxe4 Qc7 15. g4 Rfe8 16. g5 hxg5 17. fxg5 Bd6 18. g6 f5 19. Qh4 Bc8 20. Bg5 Ne7 21. Bxe7 1-0

[Event "South America-ch U12 11th"]
[Site "Montevideo"]
[Date "2014.09.09"]
[Round "3"]
[White "Marconi, Nicolas"]
[Black "Kapitanchuk, Tomas"]
[Result "0-1"]
[WhiteElo "1580"]
[BlackElo "1564"]
[PlyCount "84"]
[EventDate "2014.09.08"]
[EventType "swiss"]
[EventRounds "9"]
[EventCountry "URU"]
[SourceTitle "EXT 2016"]
[Source "ChessBase"]
[SourceDate "2015.10.08"]
[SourceVersion "1"]
[SourceVersionDate "2015.10.08"]
[SourceQuality "1"]

1. e4 c5 2. Nc3 d6 3. g3 Nc6 4. Bg2 g6 5. f4 Bg7 6. d3 e6 7. Nf3 Nge7 8. Be3 Nd4 9. 0-0 0-0 10. Rb1 Nec6 11. Ne2 Nxe2+ 12. Qxe2 Rb8 13. c3 b6 14. h3 Ba6 15. Qd2 Ne7 16. Rfe1 d5 17. exd5 Nxd5 18. Ne5 Bxe5 19. fxe5 Nxe3 20. Rxe3 Qg5 21. Rbe1 Rfd8 22. Be4 Bc4 23. b3 Bd5 24. Qg2 Qxe5 25. Bxg6 Qxe3+ 26. Rxe3 Bxg2 27. Bxf7+ Kxf7 28. Kxg2 Rd5 29. c4 Rd4 30. Kf2 Rbd8 31. Ke2 a6 32. g4 b5 33. Rf3+ Ke7 34. Kd2 bxc4 35. bxc4 Rxc4 36. g5 Ra4 37. Rg3 Rxa2+ 38. Ke3 Rxd3+ 39. Kxd3 Ra3+ 40. Kc4 Rxg3 41. Kxc5 Rb3 42. h4 a5 0-1